| 000 | 00710nam a2200217 u 4500 | ||
|---|---|---|---|
| 005 | 20260418064113.0 | ||
| 008 | 090922s2008 r 000 0 eng d | ||
| 020 | _a9788497842532 | ||
| 035 | _aUPN01000172426 | ||
| 049 | _aCG | ||
| 050 | 4 |
_aLB1027 _bG7.6 |
|
| 100 | 1 | _aGros Salvat, Begoña | |
| 245 | 1 | 0 |
_aAprendizajes, conexiones y artefactos : _bla producción colaborativa del conocimiento / _cBegoña Gros Salvat. |
| 260 |
_aBarcelona, Esp. : _bGedisa, _c2008. |
||
| 300 |
_a171 p. : _bfigs. |
||
| 440 | 0 | _aComunicación educativa | |
| 650 | 4 |
_aInnovaciones educativas _9386 |
|
| 650 | 4 |
_aEnseñanza asistida por computadora _94965 |
|
| 650 | 4 |
_aComputadoras en la educación _94976 |
|
| 905 | _aLibro | ||
| 999 |
_c144530 _d144530 |
||